BSOP header

The truth of Christianity : (Record no. 23092)

MARC details
000 -LEADER
fixed length control field 00625nam a2200145 4500
008 - FIXED-LENGTH DATA ELEMENTS--GENERAL INFORMATION
fixed length control field 050504s1934 xx 000 0 eng
090 ## - LOCALLY ASSIGNED LC-TYPE CALL NUMBER (OCLC); LOCAL CALL NUMBER (OCLC)
Classification number (OCLC) (R) ; Classification number, CALL (RLIN) (NR) BT1101
Local cutter number (OCLC) ; Book number/undivided call number, CALL (RLIN) T86t
100 1# - MAIN ENTRY--PERSONAL NAME
Personal name Turton, William Harry,
Dates associated with a name 1856-1938.
245 14 - TITLE STATEMENT
Title The truth of Christianity :
Remainder of title being an examination of the more important arguments for and against believing in that religion /
Statement of responsibility, etc By Lt.-Col. W. H. Turton.
250 ## - EDITION STATEMENT
Edition statement 12th ed. (carefully rev. throughout)
260 ## - PUBLICATION, DISTRIBUTION, ETC. (IMPRINT)
Place of publication, distribution, etc London :
Name of publisher, distributor, etc W. Gardner, Darton & co.,ltd.,
Date of publication, distribution, etc 1934.
300 ## - PHYSICAL DESCRIPTION
Extent vii,p, l,604 p.
650 #4 - SUBJECT ADDED ENTRY--TOPICAL TERM
Topical term or geographic name as entry element Apologetics
Chronological subdivision 20th century.
951 ## - EQUIVALENCE OR CROSS-REFERENCE-GEOGRAPHIC NAME/AREA NAME [OBSOLETE] [CAN/MARC only]
General subdivision 00006205
951 ## - EQUIVALENCE OR CROSS-REFERENCE-GEOGRAPHIC NAME/AREA NAME [OBSOLETE] [CAN/MARC only]
-- 3
-- BT1101/T86t
-- 070613111450656
-- 2000-12-21
-- GC
Holdings
Withdrawn status Lost status Damaged status Not for loan Home library Current library Shelving location Date acquired Accession number Shelving control number Total Checkouts Full call number Barcode Date last seen Price effective from Koha item type
        BSOP Library BSOP Library GC 12/21/2000 3 127   BT1101/T86t 00006205 02/23/2013 02/23/2013 Books
BSOP

Biblical Seminary of the Philippines
  All rights Reserved
  © 2024

CONTACT INFORMATION

Biblical Seminary of the Philippines,
  77-B Karuhatan Road, Valenzuela City,
  PHILIPPINES 1441
  Phone: +632 8292-6795 / 8292-6798
  Fax : +632 8292-6675
  Email: library@bsop.edu.ph